Nuevo Testamento (Record no. 33566)

MARC details
000 -LEADER
campo de control de longitud fija 00825nam a2200229 i 4500
001 - NÚMERO DE CONTROL
campo de control 33566
003 - IDENTIFICADOR DE NÚMERO DE CONTROL
campo de control ES-MaACL
005 - FECHA Y HORA DE LA ÚLTIMA TRANSACCIÓN
campo de control 20230929062525.0
007 - CAMPO FIJO DE DESCRIPCIÓN FÍSICA--INFORMACIÓN GENERAL
campo de control de longitud fija t|
008 - DATOS DE LONGITUD FIJA--INFORMACIÓN GENERAL
campo de control de longitud fija 030202s1970 sp ||||1| spa d
130 0# - ENTRADA PRINCIPAL--TÍTULO UNIFORME
Título uniforme Biblia.
Nombre de parte o sección de la obra N.T.
Lenguaje de la obra Español.
9 (RLIN) 119294
245 10 - MENCIÓN DEL TÍTULO
Título Nuevo Testamento
Resto del título : versión castellana de hacia 1260 /
Mención de responsabilidad, etc. [edición y estudio de Thomas Montgomery y Spuergeon W. Baldwin].
260 ## - PUBLICACIÓN, DISTRIBUCIÓN, ETC.
Lugar de publicación, distribución, etc. Madrid :
Nombre del editor, distribuidor, etc. Real Academia Española,
Fecha de publicación, distribución, etc. 1970.
300 ## - DESCRIPCIÓN FÍSICA
Extensión 657 p. ;
Dimensiones 25 cm.
490 1# - MENCIÓN DE SERIE
Mención de serie Anejos del Boletín de la Real Academia Española
700 1# - ENTRADA AGREGADA--NOMBRE PERSONAL
Nombre de persona Montgomery, Thomas.
9 (RLIN) 82637
700 1# - ENTRADA AGREGADA--NOMBRE PERSONAL
Nombre de persona Baldwin, Spuergeon W.
9 (RLIN) 24917
710 2# - ENTRADA AGREGADA--NOMBRE DE ENTIDAD CORPORATIVA
Nombre de entidad corporativa o nombre de jurisdicción como elemento de entrada Real Academia Española
9 (RLIN) 6336
830 0# - PUNTO DE ACCESO ADICIONAL DE SERIE-TÍTULO UNIFORME
Título uniforme Anejos del Boletín de la Real Academia Española
9 (RLIN) 180902
852 ## - LOCALIZACIÓN
Ubicación ES-MaACL
Número de control de estantería E-6604
Sublocalización o colección R.90834
Holdings
Estatus retirado Estado de pérdida Estado de daño No para préstamo Biblioteca de origen Biblioteca actual Ubicación en estantería Fecha de adquisición Fuente de adquisición Total de préstamos Signatura topográfica completa Código de barras Visto por última vez Precio de reemplazo Tipo de ítem Koha
        Biblioteca del Ateneo de Madrid Biblioteca del Ateneo de Madrid Depósito 2 17/01/2008     E-6604 1034928 23/02/2023 23/02/2023 Libro impreso